Piłkarska kariera Jordiego Alby. - Statystyki

Ogólne statystyki
  • Ten quiz został rozwiązany 56 razy
  • Średni wynik to 3 z 5
Statystyki odpowiedzi
Lata Drużyna % Poprawnych
2012-? Barcelona
100%
2008-2008 Valencia
74%
2009-2012 Valencia
74%
2008-2009 Gimnastic
2%
2007-2008 Valencia Mestalla
0%
Nie znaleziono quizów pasujących do podanych kryteriów
Rozkład punktacji
Procent ludzi z każdym wynikiem
Percentyl według liczby udzielonych odpowiedzi
Twoja historia wyników
Nie rozwiązałeś tego quizu